000 00279nam a22001097a 4500
008 160425b xxu||||| |||| 00| 0 eng d
020 _a0803602936
041 _aeng
080 _a618.2
245 _aContemporary psychiatric mental health nursing:
_cCarol A. Glod;
942 _2udc
_cBK
999 _c1572
_d1572